| 000 | 00735nam a2200265Ia 4500 | ||
|---|---|---|---|
| 005 | 20260302115759.0 | ||
| 008 | 008 260114s9999 xx 000 0 eng d | ||
| 020 | _a9781666988796 | ||
| 037 | _aTextbook | ||
| 040 | _aCRL | ||
| 040 | _beng | ||
| 040 | _cCRL | ||
| 041 | _2eng | ||
| 041 | _aeng | ||
| 084 | _qCRL | ||
| 100 |
_aCynthia Baiqing Zhang, Meredith L. Ille _91122641 |
||
| 245 | 0 | _aCriminal Careers and Communities in the United States An Identity Network Perspective | |
| 260 | _bBloomsbury | ||
| 260 | _bLexington Books | ||
| 260 | _c2023 | ||
| 650 | _aLaw | ||
| 856 | _uhttps://doi.org/10.5040/9781666988796?locatt=label:secondary_bloomsburyCollections | ||
| 942 | _cEBOOK | ||
| 999 |
_c1687439 _d1687439 |
||